Designing public policies <an> approach based on multi-criteria analysis and computable general equilibrium modeling

Salvato in:
Dettagli Bibliografici
Autore principale: André, Francisco J.
Altri autori: Cardenete, M. Alejandro, Romero, Carlos
Natura: Libro
Lingua:inglese
Pubblicazione: Berlin Springer-Verlag 2010
Serie:Lecture notes in economics and mathematical systems 642
Soggetti:
Tags: Aggiungi Tag
Nessun Tag, puoi essere il primo ad aggiungerne!!

MARC

LEADER 00000nam a2200000 4500
001 0159317
005 20240314085705.0
020 |a 978-3-642-12182-1 
022 |a 0075-8442 
041 0 |a eng 
044 |a DE 
245 1 0 |a Designing public policies  |b <an> approach based on multi-criteria analysis and computable general equilibrium modeling  |c Francisco J. André, M. Alejandro Cardenete, Carlos Romero 
264 1 |a Berlin  |b Springer-Verlag  |c 2010 
300 |a xviii, 143 s. 
490 1 |a Lecture notes in economics and mathematical systems  |v 642 
830 0 |a Lecture notes in economics and mathematical systems  |v 642 
610 2 0 |a politika verejná 
610 2 0 |a politika hospodárska 
610 2 0 |a modely 
610 2 0 |a modelovanie 
100 1 |a André, Francisco J. 
700 1 |a Cardenete, M. Alejandro 
700 1 |a Romero, Carlos